| 000 | 00359nam a2200109Ia 4500 | ||
|---|---|---|---|
| 008 | 171211s9999 xx 000 0 und d | ||
| 245 | _aAncient Egyptians at Play: Board Games Across Borders | ||
| 245 | _cAlex de Voogt, Anne-Elizabeth Dunn-Vaturi, and Walter Crist | ||
| 260 | _c2016 | ||
| 650 | _xGAMES | ||
| 856 | _uhttp://down.ebook777.com/052/1474221173.pdf | ||
| 999 |
_c348961 _d348961 |
||